000 01377 a2200253 4500
003 Nust
005 20221202161203.0
010 _a 97126840
020 _a0198562780 (pbk) :
020 _a0198562799 (cased)
035 _a(OCoLC)35135533
040 _cNust
082 0 0 _a621.381521,HER
100 1 _aHerbst, L. J.
_9104039
245 1 0 _aIntegrated circuit engineering :
_bestablishing a foundation /
_cL.J. Herbst.
260 _aOxford ;
_aNew York :
_bOxford University Press,
_c1996.
300 _axvi, 472 p. :
_bill. ;
_c25 cm.
440 0 _aTextbooks in electrical and electronic engineering ;
_vvol. 4
_994859
505 _aOverview (Page-1), Fabrication And Packaging (Page-15), Component Formation (Page-73), Device Behavior And Modeling (Page-93), Digital Circuits-Techniques And Performance (Page-117), Analogue Circuits- Techniques And Performance (Page-181), Semiconductor Memories (Page-261), ASIC Design Styles (Page-293), Asics- Programmable Logic Devices (Page-303), Asics- Characteristics And Design Issues (Page-339), Asics- Design Techniques (Page-385), Submicron Scaling (Page-425).
650 0 _aTelecommunication Engineering
856 4 2 _3Publisher description
_uhttp://www.loc.gov/catdir/enhancements/fy0640/97126840-d.html
856 4 2 _3Table of contents only
_uhttp://www.loc.gov/catdir/enhancements/fy0640/97126840-t.html
942 _2ddc
_cBK
999 _c182310
_d182310